| 000 | nam a22 7a 4500 | ||
|---|---|---|---|
| 999 |
_c232624 _d232624 |
||
| 003 | Nust | ||
| 005 | 20170221151145.0 | ||
| 008 | 170221b xxu||||| |||| 00| 0 eng d | ||
| 020 | _a978-969-417-173-9 | ||
| 040 | _cASAB | ||
| 082 | _a637.12 MAS | ||
| 245 |
_alaboratory manual for analysis of milk and milk products _cdr. tariq masud |
||
| 300 |
_avi p., 1 l., 163 p. _billus. _c22 cm. |
||
| 942 |
_2ddc _cBK |
||